000 00666nam a2200229Ia 4500
003 OSt
005 20221005085356.0
006 a|||||r|||| 00| 0
007 ta
008 221004b |||||||| |||| 00| 0 eng d
024 _a45757
037 _cTextual
040 _aCRL
_cCRL
_beng
041 _2eng
_aeng
082 _aO111,6:gN, K2
245 0 _aVisions and revisions in modern American literary criticism Ed by Bernard S. Oldsey and Arthur O. Lewis,Jr.
260 _aNew York
_bE.P. Dutton & Co. Inc. USA
_c1962
300 _a308p.
_ccm.
650 _aENGLISH LITERATURE
942 _hO111,6:gN, K2
_cTEXL
_2cc
999 _c994134
_d994134